1068 1957 1021 1444 1703 1064 1285 1027 1904 1059 1306 1217 1515 1487 1138 1130 1208 1750 1742 1438 1272 1423 1992 1222 1871 1971 1307 1328 1324 1380 1796 1670 1599 1234 1612 1786 1174 1441 1660 1060 1946 1707 1218 1075 1851 1004 1967 1651 1092 1907 1556 1588 1901 1896 1693 1090 1988 1892 1833 1747 1422 1329 1425 1956 1864 1222 1555 1151 1841 1016 1003 1172 1904 1196 1030 1418 1695 1843 1728 1639 1660 1011 1672 1671 1210 1045 1793 1204 1281 1432 1345 1764 1598 1160 1404 1917 1660 1279 1091 BCNSPRNW ULIB Ver.6.0+V

เปลี่ยนเป็นภาษาไทย

Change to English
 แสดงรายละเอียดบรรณานุกรม
  กลับหน้าหลัก

Brief Record : Get Marc (ISO 2709) : E-mail record : QR code < ปิดหน้าต่าง
LEADER : 00000nam 2200000uu 4500
001    13399124964
003     ULIB
008    160526s2552||||th 000 0 tha d
020    ^a9786117197093
060  4 ^aWW100^bศ927น
245 00 ^aแนวทางจักษุวิทยาสำหรับเวชปฏิบัติทั่วไป /^cบรรณาธิการ ศักดิ์ชัย วงศกิตติรักษ์
246 14 ^aEye care for GP =^bแนวทางจักษุวิทยาสำหรับเวชปฏิบัติทั่วไป
250    ^aพิมพ์ครั้งที่ 1
260    ^aกรุงเทพฯ :^bหมอชาวบ้าน,^c2552
300    ^a84 หน้า :^bภาพประกอบ
650  7 ^aตา, โรค^xการวินิจฉัย
650  7 ^aตา, โรค^xการรักษา
650  7 ^aจักษุวิทยา
700 0  ^aศักดิ์ชัย วงศกิตติรักษ์,^eบรรณาธิการ
945    ^p150^l0^i000910
945    ^p150^l0^i000911
945    ^p150^l0^i000912
999    ^aเกษร โพธิ์สุวรรณ
รายการนี้ยังไม่มีแท็ก
คุณยังไม่ได้ล็อกอิน คุณสามารถมีกิจกรรมร่วมกับเว็บไซต์ได้ แต่ต้องล็อกอินก่อน ::
  ล็อกอิน

รายการสื่อสารสนเทศ

ลำดับที่ ประเภท เลขเรียก/บาร์โค้ด สถานที่ สถานะ
1. วิทยาศาสตร์การแพทย์ และสุขภาพ
หนังสือสำรอง
สถานะ=หนังสือสำรอง
WW100 ศ927น ฉ.1 
  Barcode: 000910
ห้องสมุดวิทยาเขตสวรรค์ประชารักษ์
►หนังสือทั่วไป
บนชั้น
2. วิทยาศาสตร์การแพทย์ และสุขภาพ
วิทยาศาสตร์การแพทย์ และสุขภาพ
WW100 ศ927น ฉ.2 
  Barcode: 000911
ห้องสมุดวิทยาเขตสวรรค์ประชารักษ์
►หนังสือทั่วไป
บนชั้น
3. วิทยาศาสตร์การแพทย์ และสุขภาพ
วิทยาศาสตร์การแพทย์ และสุขภาพ
WW100 ศ927น ฉ.3 
  Barcode: 000912
ห้องสมุดวิทยาเขตสวรรค์ประชารักษ์
►หนังสือทั่วไป
บนชั้น

รายการใกล้เคียง
    หัวเรื่อง [จักษุวิทยา]

BibComment


ยังไม่เคยถูกคอมเมนท์

คอมเมนท์ทรัพยากรรายการนี้
  คอมเมนท์: แนวทางจักษุวิทยา..


 Copyright 2026. Bcnsprnw @Library